Estadísticas para Los fichajes más caros del fútbol - Temporada 2012-2013

Haz click aquí para intentar la prueba.

Estadísticas generales

  • Esta prueba ha sido intentada 32 veces
  • La puntuación promedio es 7 de 10

Estadísticas de respuestas

Coste (M €)NacionalidadÚltimo clubNuevo clubJugador% Correcto
35,00CroaciaTottenhamReal MadridLuka Modric
97%
42,00BrasilAC MilanPSGThiago Silva
93%
35,00BélgicaLOSC LilleChelseaEden Hazard
87%
30,70Países BajosArsenalManchester UnitedRobin van Persie
87%
40,00EspañaAthleticBayern MúnichJavi Martínez
83%
40,00BrasilOportoZenitHulk
77%
32,00BrasilInternacionalChelseaOscar
63%
40,00BélgicaBenficaZenitAxel Witsel
53%
40,00BrasilSão PauloPSGLucas Moura
50%
35,00BrasilShakhtar D.AnzhiWillian
33%

Distribución de puntuación

Porcentaje por número respondido

Porcentaje de gente con cada puntuación

Historial de tus puntuaciones

No has intentado esta prueba.